4e déclinaisons neutre Latin. - Statistiques

Statistiques générales
  • Ce quiz a été pris 235 fois
  • Le résultat moyen est 10 sur 12
Statistiques - réponses
Cas Radical Terminaisons % Correct
Nominatif singulier corn... -u
100%
Vocatif singulier corn... -u
100%
Accusatif singulier corn... -u
99%
Génitif singulier corn... -us
97%
Ablatif singulier corn... -u
86%
Datif pluriel corn... -ibus
82%
Ablatif pluriel corn... -ibus
82%
Datif singulier corn... -ui
81%
Génitif pluriel corn... -uum
77%
Nominatif pluriel corn... -ua
68%
Vocatif pluriel corn... -ua
68%
Accusatif pluriel corn... -ua
68%
Aucun quiz correspondant
Distribution des résultats
% des personnes avec chaque résultat
Percentile par nombre de réponses
Votre historique - résultats
Vous n’avez pas pris ce quiz